| 000 | 00335pam a2200133a 44500 | ||
|---|---|---|---|
| 008 | 230405s1987 xxu||||| |||| 00| 0 eng d | ||
| 041 | _aENG | ||
| 100 | _aSTANIER R / INGRAHAM | ||
| 245 | _aGENERAL MICROBIOLOGY | ||
| 250 | _a5 | ||
| 260 |
_aNEW YORK _bMARCEL DEKKER INC PUBLICATIONS NEW YORK _c1987 |
||
| 300 | _a689 | ||
| 906 | _a3401 | ||
| 999 |
_c268840 _d268840 |
||